00650nam a22001697a 4500003000900000008004100009040007100050082001800121100001900139245002700158260003400185300002600219505018600245650002300431650001400454650001200468AR-CdUCM190307b           ||||| |||| 00| 0 spa d  aMUNICIPALIDAD PROVINCIAL DEL CUSCOcBIBLIOTECA MUNICIPAL DEL CUSCO  a869.56 /bP23  aPantoja, Mario  aLos actos semejantes /  aCusco :bLa Campiña,c1999.  a123 paginas ;c16 cm.  aCortazar la invención de un nuevo lenguaje -- La poesía integra de jano -- La estupenda narrativa del señor de cómala -- Los escritores son o bien maridos o bien amantes ...  aLiteratura peruana  aSiglo XX.  aEnsayos